INDERBIR SINGH'S HUMAN EMBRYOLOGY (Record no. 21564)

MARC details
000 -LEADER
fixed length control field 00433nam a22001697a 4500
003 - CONTROL NUMBER IDENTIFIER
control field SGT
020 ## - INTERNATIONAL STANDARD BOOK NUMBER
International Standard Book Number 978-93-90281-40-4
082 ## - DEWEY DECIMAL CLASSIFICATION NUMBER
Classification number 612.64
Item number I21D
100 ## - MAIN ENTRY--PERSONAL NAME
Personal name DEVI, V SUBHADRA
245 ## - TITLE STATEMENT
Title INDERBIR SINGH'S HUMAN EMBRYOLOGY
250 ## - EDITION STATEMENT
Edition statement 12TH
260 ## - PUBLICATION, DISTRIBUTION, ETC. (IMPRINT)
Place of publication, distribution, etc NEW DELHI
Name of publisher, distributor, etc JAYPEE PUB
Year of Publication 2021
300 ## - PAGE DESCRIPTION
No. of Pages 420
650 ## - SUBJECT ADDED ENTRY--TOPICAL TERM
Topical term or geographic name as entry element EMBRYOLOGY
653 ## - KEYWORDS--INDEX TERM
Keyword term EMBRYOLOGY, INDERBIR SINGH'S EMBRYOLOGY, HUMAN EMBRYOLOGY
942 ## - ADDED ENTRY ELEMENTS (KOHA)
Source of classification or shelving scheme Dewey Decimal Classification
Koha item type Books
942 ## - ADDED ENTRY ELEMENTS (KOHA)
-- 51
Holdings
Withdrawn status Lost status Source of classification or shelving scheme Damaged status Not for loan Collection code Home library Current library Shelving location Date acquired Vendor Name Cost, normal purchase price SGTU Bill Number Total Checkouts Full call number Accession No. (Barcode) Date last seen Date last borrowed Bill Date Koha item type
    Dewey Decimal Classification     AYURVEDA SGT FA-FP Library SGT FA-FP Library Text Book 16/07/2021 AHUJA PUB 795.00 SGTU 13091 15 612.64 I21D FA10546 17/04/2026 03/04/2026 10/06/2021 Books
    Dewey Decimal Classification     AYURVEDA SGT FA-FP Library SGT FA-FP Library Text Book 16/07/2021 AHUJA PUB 795.00 SGTU 13091 26 612.64 I21D FA10547 20/02/2026 09/02/2026 10/06/2021 Books
    Dewey Decimal Classification     AYURVEDA SGT FA-FP Library SGT FA-FP Library Text Book 16/07/2021 AHUJA PUB 795.00 SGTU 13091 31 612.64 I21D FA10548 13/04/2026 25/03/2026 10/06/2021 Books
    Dewey Decimal Classification     AYURVEDA SGT FA-FP Library SGT FA-FP Library Text Book 16/07/2021 AHUJA PUB 795.00 SGTU 13091 26 612.64 I21D FA10549 22/04/2026 08/04/2026 10/06/2021 Books
    Dewey Decimal Classification     AYURVEDA SGT FA-FP Library SGT FA-FP Library Text Book 16/07/2021 AHUJA PUB 795.00 SGTU 13091 46 612.64 I21D FA10550 01/05/2026 17/04/2026 10/06/2021 Books